Distritos de São Paulo - Statistics

Estatísticas Gerais
  • Esse quiz foi jogado 7 531 vezes
  • A pontuação média é 51 de 96
Respostas no mapa
Respostas codificadas por cores de uma escala verde-vermelha no mapa do quiz de acordo com a % correta abaixo.
 
Estatísticas das Respostas
Resposta % Correto
84%
Itaquera
83%
Brás
81%
Vila Maria
80%
Morumbi
79%
Mooca
78%
Pinheiros
77%
Barra Funda
75%
Tatuapé
74%
Lapa
73%
Liberdade
73%
Vila Mariana
71%
Capão Redondo
70%
Santana
70%
Butantã
69%
Grajaú
69%
Parelheiros
69%
Ipiranga
68%
Jabaquara
68%
Santo Amaro
66%
Tucuruvi
66%
Itaim Bibi
65%
República
65%
Moema
64%
Itaim Paulista
63%
Jardim Paulista
63%
Marsilac
63%
Penha
62%
São Mateus
60%
Campo Limpo
59%
Saúde
59%
Carrão
58%
Consolação
58%
Vila Prudente
58%
Vila Sônia
58%
Bela Vista
57%
Freguesia do Ó
57%
Perdizes
57%
Perus
57%
Santa Cecília
57%
Cidade Tiradentes
56%
Pirituba
56%
Brasilândia
55%
São Miguel Paulista
55%
Tremembé
55%
Guaianases
54%
Vila Matilde
54%
Belém
53%
Jaguaré
53%
Jaraguá
53%
Sacomã
53%
Sapopemba
53%
Bom Retiro
52%
Jaçanã
51%
Campo Belo
50%
Casa Verde
50%
Jardim Ângela
50%
Limão
50%
Artur Alvim
49%
Pari
49%
Vila Guilherme
49%
Aricanduva
48%
Alto de Pinheiros
47%
Anhanguera
45%
Cambuci
45%
Cidade Ademar
44%
Socorro
44%
Vila Leopoldina
44%
Cidade Dutra
43%
Ermelino Matarazzo
43%
Raposo Tavares
42%
Jaguara
41%
Rio Pequeno
41%
Cachoeirinha
40%
Vila Formosa
40%
São Lucas
39%
Água Rasa
38%
Cangaíba
37%
Cidade Líder
37%
Jardim Helena
37%
Campo Grande
36%
Cursino
36%
São Rafael
36%
Mandaqui
35%
Vila Andrade
35%
Iguatemi
34%
Pedreira
34%
Jardim São Luís
33%
Parque do Carmo
33%
Vila Medeiros
33%
José Bonifácio
32%
Lajeado
32%
Ponte Rasa
29%
São Domingos
29%
Vila Curuçá
29%
Vila Jacuí
28%
Nenhum quiz correspondente encontrado
Distribuição das Pontuações
Porcentagem de Pessoas com Cada Pontuação
Percentil de Números Respondidos
Sua Pontuação Histórica
Você não jogou esse quiz